Policy expert advocates insurance fund for farmers (Record no. 45937)
[ view plain ]
| 000 -LEADER | |
|---|---|
| fixed length control field | 00339 a2200109 4500 |
| 100 ## - MAIN ENTRY--AUTHOR NAME | |
| Personal name | ADU, Elizabeth Nyaadu |
| 245 ## - TITLE STATEMENT | |
| Title | Policy expert advocates insurance fund for farmers |
| 300 ## - PHYSICAL DESCRIPTION | |
| Number of Pages | Thursday, September 7, 2023 Pages 34 |
| 650 ## - SUBJECT ADDED ENTRY--TOPICAL TERM | |
| Topical Term | Business |
| 773 0# - HOST ITEM ENTRY | |
| International Standard Serial Number | 0855-1529 |
| Place, publisher, and date of publication | Accra Daily Graphic 2023 |
| Title | Daily Graphic |
| 942 ## - ADDED ENTRY ELEMENTS (KOHA) | |
| Koha item type | Periodicals |
| Not for loan | Collection code | Home library | Current library | Shelving location | Date acquired | Copy number | Koha item type |
|---|---|---|---|---|---|---|---|
| Not For Loan | Periodical Library | Periodicals Library | Periodicals Library | Third Floor West Wing Sam Jonah Library | 09/14/2023 | 1 | Periodicals |